000 00451nam a22001817a 4500
003 MPLRDC
005 20220104143656.0
008 210129b ||||| |||| 00| 0 eng d
020 _a957-733-348-6
082 _a528.96 RBYY
100 _a日本游泳联盟 编
245 _a安全游泳
_c沈立仙 译
250 _a初版
260 _a
_b新雨出版社
_c1998
300 _b
650 _a水上运动--游泳
942 _cBK
_o528.96 RBYY
999 _c42234
_d42224